Responses for show #4316 - Monday, May 12, 2003

2003 Tournament of Champions semifinal game 1.

Contestants

Max Levaren, a personal success coach from San Diego, California

Mark Brown, an administrative assistant and father from Peoria, Arizona

Brian Weikle, a project manager from Minneapolis, Minnesota

Jeopardy! Round responses

19th CENTURY AMERICA
SPORTS SHORTS
THE CHINESE ZODIAC
DEADLY DEVICES
BIRTH OF A NATION
LIMERICKS
[Read by Johnny Gilbert.]
    $200 17
Davy Crockett

Mark
    $200 7
Robinson

Brian
    $200 10
snake

Brian
    $200 21
lamb

Max
    $200 5
Philippines

Brian
    $200 1
shape

Max
    $2,000 18
Emancipation Proclamation

Mark
    $400 8
the record for the mile run

Mark
    $400 22
dog

Brian
    $400 23
bomb bay

Max
    $400 9
India & Pakistan

Max
    $400 2
(Max: What is the sheet?)

her feet

BrianMax
    $600 19
Elizabeth Blackwell

Mark
    $600 11
Jerry West

Mark
    $600 24
(Alex: Minute to go.)

chicken

Mark
    $600 28
(Mark: What is 2?)

1 (it was a one-shot derringer)

Mark
Triple Stumper
    $600 12
Belgium

Brian
    $600 3
a nunnery

Brian
    $800 20
Treaty of Guadalupe Hidalgo

Brian
    $800 13
Seabiscuit

Mark
    $800 25
sheep

Mark
    $800 29
"Old Sparky"

Mark
    $800 14
Nigeria

Mark
    $800 4
freight

Mark
    $1000 27
(Mark: What is the Free Silver Party?)

Populist Party

Mark
Triple Stumper
    $1000 16
"Chucky"

Triple Stumper
    $1000 26
monkey

Brian
    $1000 30
(Mark: What is Luger?)
(Brian: What is Walther?)

Mauser

BrianMark
Triple Stumper
    $1000 15
Portugal

Mark
    $1000 6
(Max: What is flutter?)

mutter

BrianMax

Scores at the first commercial break (after clue 14):

Brian Mark Max
$3,200 $3,400 -$800

Scores at the end of the Jeopardy! Round:

Brian Mark Max
$4,400 $6,800 -$200

Double Jeopardy! Round responses

DESIGN
KENNEDY CENTER HONOREES
FEELING A LITTLE NORSE
NOTORIOUS
THE BREADED OPERA CATEGORY
DOUBLE TALK
    $400 26
lava lamp

Mark
    $400 20
Frank Sinatra

Mark
    $400 6
(Mark: Who is Leif Ericson?)

Erik the Red

BrianMark
    $400 16
Charles Manson

Brian
    $400 1
Hansel and Gretel

Mark
    $400 11
dodo

Brian
    $800 27
jade

Mark
    $800 21
Shirley Temple Black

Mark
    $800 7
Gandalf

Triple Stumper
    $800 17
Bruno Hauptmann

Brian
    $800 2
Wolfgang A. Mozart

Max
    $800 12
I Do! I Do!

Max
    $1200 28
lace

Max
    $1200 22
Lionel Hampton

Mark
    $1200 8
Balder

Mark
    $1200 18
Charles "Lucky" Luciano

Brian
    $1,500 3
Parsifal

Max
    $1200 13
Dada

Mark
    $1600 29
William Morris

Brian
    $1600 23
(Brian: Who is Bill Cosby?)

Danny Kaye

BrianMax
    $1600 9
Newfoundland

Brian
    $1600 19
The Falcon and the Snowman

Mark
    $1600 4
Il Trovatore

Max
    $1600 14
Pago Pago

Brian
    $2000 30
escutcheon

Triple Stumper
    $2000 25
Marian Anderson

Mark
    $2,000 10
Harold II

Brian
    $2000 24
(Alex: We have a minute to go, Max.)

Cole Younger

Triple Stumper
    $2000 5
Fidelio

Brian
    $2000 15
Ngorongoro

Brian

Scores at the end of the Double Jeopardy! Round:

Brian Mark Max
$16,800 $16,400 $7,300

[wagering suggestions for these scores]

Final Jeopardy! Round responses

MOVIE INDUSTRY HISTORY
MaxWhat is Paramount?
$7,295
MarkWhat starc
$16,299
BrianWhat is Variety?
$16,001
Cosmopolitan

Final scores:

Brian Mark Max
$799 $101 $5
Finalist 2nd place: $10,000 3rd place: $10,000

Game dynamics:

Coryat scores:

Brian Mark Max
$16,800 $14,800 $7,000
21 R
(including 1 DD),
2 W
22 R
(including 1 DD),
4 W
10 R
(including 1 DD),
2 W

Combined Coryat: $38,600

The J! Archive is created by fans, for fans. The Jeopardy! game show and all elements thereof, including but not limited to copyright and trademark thereto, are the property of Jeopardy Productions, Inc. and are protected under law. This website is not affiliated with, sponsored by, or operated by Jeopardy Productions, Inc. Join the discussion at JBoard.tv.